[Event "Opera Euro Rapid Prelims 2021"]
[Site "Online"]
[Date "2021.02.03"]
[Round "11.3"]
[White "Grischuk, Alexander"]
[Black "Bluebaum, Matthias"]
[Result "1/2-1/2"]
[WhiteElo "2777"]
[BlackElo "2670"]
[Annotator "TA"]
[PlyCount "70"]
[EventDate "2021.02.02"]
[EventType "tourn"]
[EventCountry "NET"]
[SourceTitle "playchess.com"]
[Source "ChessBase"]
[SourceQuality "1"]

{[%evp 16,70,14,22,18,5,6,1,4,4,12,8,10,14,29,20,25,22,18,2,33,27,33,27,32,0,27,27,35,27,36,36,36,36,35,20,35,0,0,0,0,0,0,0,0,0,0,0,0,0,0,0,0,0,0,0,0]} 1. e4 e6 2. d4 d5 3. Nc3 Nf6 4. e5 Nfd7 5. f4 c5 6. Nf3 Nc6 7. Be3 a6 8. Qd2 (8. a3 cxd4 9. Nxd4 Bc5 10. Qd2 O-O 11. h4 Rb8 12. h5 h6 13. g3 Qe7 14. Bg2 Nxd4 15. Bxd4 b5 16. b4 Bxd4 17. Qxd4 f6 18. exf6 Qxf6 19. Ne2 Nb6 20. Qxf6 gxf6 {1-0 (50) Grischuk,A (2777)-Bluebaum,M (2644) Moscow 2019}) 8... b5 9. a3 Qa5 {9...g5 is a critical line. C11: French: Classical System: 4 e5 and 4 Bg5 dxe4.} 10. dxc5 Bxc5 11. Bxc5 Nxc5 12. Nd4 Nxd4 13. Qxd4 Na4 14. b4 {[#]} Qc7 $5 $146 {[%mdl 8] An interesting novelty.} (14... Qb6 {with more complications.} 15. Qxb6 Nxb6 16. a4 d4 17. a5 dxc3 18. axb6 Bb7) ({Predecessor:} 14... Qb6 15. Qxb6 Nxb6 16. Bd3 Bd7 17. Ne2 Ke7 18. Nd4 g6 19. Kf2 h5 20. g3 Rac8 {½-½ (74) Frolyanov,D (2569)-Potkin,V (2599) Sochi 2015}) 15. Nxa4 bxa4 16. c4 dxc4 17. Qxc4 Qxc4 18. Bxc4 Bd7 19. Kf2 Ke7 20. Rhd1 Rhc8 21. Rac1 Bb5 22. Be2 h6 23. Ke3 g5 24. g3 f6 25. Bf3 Rab8 26. Be4 (26. exf6+ {is more complex.} Kxf6 27. Rc5 a5 28. fxg5+ hxg5 29. Rxc8 Rxc8 30. bxa5 Rc3+ 31. Kf2) 26... gxf4+ {The position is equal.} 27. gxf4 fxe5 28. fxe5 Rxc1 29. Rxc1 $11 {[%mdl 4096] Endgame KRB-KRB} Rg8 30. Kf4 Kd7 31. h4 Rf8+ 32. Ke3 Rg8 33. Kf4 Rf8+ 34. Ke3 Rg8 35. Kf4 Rf8+ {Weighted Error Value: White=0.05/Black=0.04} 1/2-1/2

[Event "Opera Euro Rapid Prelims 2021"]
[Site "Online"]
[Date "2021.02.03"]
[Round "11.4"]
[White "Giri, Anish"]
[Black "Aronian, Levon"]
[Result "1/2-1/2"]
[WhiteElo "2764"]
[BlackElo "2781"]
[Annotator "TA"]
[PlyCount "53"]
[EventDate "2021.02.02"]
[EventType "tourn"]
[EventCountry "NET"]
[SourceTitle "playchess.com"]
[Source "ChessBase"]
[SourceQuality "1"]

{[%evp 16,53,36,0,0,0,14,4,21,11,26,17,23,24,31,31,32,17,22,23,18,17,43,25,28,16,15,25,22,0,0,5,0,0,13,0,0,-4,12,0]} 1. e4 e5 2. Nf3 Nc6 3. Bb5 a6 4. Ba4 Nf6 5. O-O Bc5 6. c3 b5 7. Bb3 d6 8. d4 Bb6 9. Be3 O-O {C78: Ruy Lopez: Archangelsk and Möller Defences.} 10. Nbd2 Re8 11. a4 {axb5 is the strong threat.} Rb8 12. axb5 axb5 {[#]} 13. Qe2 $146 ({Predecessor:} 13. d5 Ne7 14. Bxb6 Rxb6 15. Ne1 Ng6 16. Nd3 Bg4 17. f3 Bd7 18. Nb4 Nf4 19. g3 {½-½ (103) Samunenkov,I (2142)-Balaji,A (2206) Chess.com INT 2020}) 13... Bd7 14. Ng5 (14. Qxb5 $2 {[#]} Nxd4 $1 {[%mdl 512]} 15. Bxf7+ Kxf7 $19) 14... Rf8 {[%cal Re5d4]} 15. dxe5 ({But not} 15. Qxb5 $2 exd4 16. Bxf7+ Rxf7 $19) 15... dxe5 16. Ngf3 Qe7 17. Rfd1 Bxe3 18. Qxe3 Rfd8 19. h3 Be8 20. Nf1 Rxd1 21. Rxd1 b4 22. Ba4 {The position is equal.} bxc3 23. bxc3 Ra8 24. Bb5 Rb8 25. Ba4 Ra8 26. Bb5 Rb8 27. Ba4 {Weighted Error Value: White=0.07/Black=0.05} 1/2-1/2

[Event "Opera Euro Rapid Prelims 2021"]
[Site "Online"]
[Date "2021.02.03"]
[Round "11.5"]
[White "Nepomniachtchi, Ian"]
[Black "So, Wesley"]
[Result "1/2-1/2"]
[WhiteElo "2789"]
[BlackElo "2770"]
[Annotator "TA"]
[PlyCount "84"]
[EventDate "2021.02.02"]
[EventType "tourn"]
[EventCountry "NET"]
[SourceTitle "playchess.com"]
[Source "ChessBase"]
[SourceQuality "1"]

{[%evp 11,84,37,42,39,40,0,27,24,28,22,16,6,16,7,11,0,4,0,0,0,0,5,6,2,6,0,10,18,11,0,0,0,0,3,0,0,0,2,7,0,4,5,3,4,4,3,9,0,0,0,8,0,0,0,0,0,0,0,0,0,0,0,0,0,0,0,0,0,0,0,0,0,0,0,0]} 1. d4 Nf6 2. c4 e6 3. Nf3 d5 4. Nc3 c5 5. cxd5 cxd4 6. Qxd4 exd5 7. e4 {[%cal Re4d5] D41: Queen's Gambit Declined: Semi-Tarrasch with 5 cxd5.} dxe4 $1 {[%mdl 4] now scores much better than the old 7...Nc6.} 8. Qxd8+ Kxd8 9. Ng5 {White has an edge.} Be6 10. g3 Bb4 {[#] The position is equal.} 11. Bd2 $146 ({Predecessor:} 11. Bg2 Bxc3+ 12. bxc3 Nbd7 13. O-O Nc5 14. Ba3 Rc8 15. Rad1+ Ke8 16. Rd4 b6 17. Rfd1 Bxa2 {1-0 (28) Jean,P (2154)-Shubin,V (2076) ICCF email 2015}) 11... Ke7 12. Bg2 Nc6 13. Nxe6 Kxe6 14. Nxe4 Nxe4 15. Bxe4 Bxd2+ 16. Kxd2 Rad8+ 17. Ke3 Ne5 18. Rac1 Rd7 19. f4 f5 20. Bxf5+ Kxf5 21. Rc5 {[%mdl 64] [#] Pin} Re8 22. Rf1 b6 23. Rb5 {[%mdl 64] Pin} Rd3+ 24. Ke2 Rd7 25. Rf3 Kf6 26. fxe5+ $11 {[%mdl 4096] Endgame KRR-KRR} Ke6 27. Rc3 Kf5 28. Re3 {[#] And now e6+ would win.} Rde7 29. Rf3+ Kg6 30. Re3 Kf5 31. Rf3+ Kg6 32. Kd3 Rxe5 33. Rxe5 Rxe5 {KR-KR} 34. a4 h5 35. b4 Re1 36. Kc4 a6 37. Rd3 {Hoping for Rd6+.} Kf5 38. Rd6 Re4+ 39. Kc3 Re3+ 40. Kc4 Re4+ 41. Kc3 Re3+ 42. Kc4 Re4+ {Weighted Error Value: White=0.02/Black=0.01} 1/2-1/2

[Event "Opera Euro Rapid Prelims 2021"]
[Site "Online"]
[Date "2021.02.03"]
[Round "11.6"]
[White "Nakamura, Hikaru"]
[Black "Vachier-Lagrave, Maxime"]
[Result "1/2-1/2"]
[WhiteElo "2736"]
[BlackElo "2784"]
[Annotator "TA"]
[PlyCount "231"]
[EventDate "2021.02.02"]
[EventType "tourn"]
[EventCountry "NET"]
[SourceTitle "playchess.com"]
[Source "ChessBase"]
[SourceQuality "1"]

{[%evp 10,231,25,2,8,0,0,0,0,0,0,0,0,0,0,-23,-16,-71,-75,-80,21,13,24,36,37,20,24,5,85,95,89,83,92,92,94,93,92,92,91,70,64,64,66,61,61,61,67,66,65,65,69,65,64,65,77,77,77,79,90,87,95,93,106,110,94,68,68,68,68,60,75,50,75,57,71,71,75,55,55,37,52,52,66,37,37,37,37,32,32,32,32,35,37,24,24,8,8,8,8,8,8,8,24,8,17,8,16,8,9,0,8,8,8,8,8,8,9,9,16,19,36,8,8,8,8,8,8,8,8,8,8,0,0,0,8,8,8,8,8,0,8,8,8,0,8,0,0,0,8,7,8,8,8,8,8,8,8,8,8,0,8,8,8,0,0,0,0,0,0,0,0,0,0,0,0,0,0,0,0,0,0,0,0,0,0,0,0,0,0,0,0,0,0,0,0,0,0,0,0,0,0,0,0,0,0,0,0,0,0,0,0,0,0,0,0,0,0,0,0,0,0,0,0,0]} 1. e4 c5 2. Nf3 d6 3. d4 cxd4 4. Nxd4 Nf6 5. Nc3 a6 6. a3 e5 {B90: Sicilian Najdorf: Unusual White 6th moves, 6 Be3 Ng4 and 6 Be3 e5.} 7. Nf5 $1 {The main line 7.Nf5 scores better than 7.Nf3.} d5 8. Bg5 {[%cal Rc3d5]} d4 9. Bxf6 gxf6 10. Nb1 {[%cal Bc3b1,Bb1d2,Bd2e4][%mdl 32]} Bxf5 11. exf5 Qd5 {[#]} 12. Qg4 $146 ({Predecessor:} 12. Qd3 Nd7 13. b4 e4 14. Nc3 Qxf5 15. Qxe4+ Qe5 16. f4 Qxe4+ 17. Nxe4 O-O-O 18. O-O-O {0-1 (37) Saric,I (2667)-Cheparinov,I (2670) chess24.com INT 2020}) 12... h5 13. Qh4 (13. Qf3 $11 Qxf3 14. gxf3) 13... Nd7 $17 14. Nd2 Rg8 (14... Rc8 $17 15. Bd3 Qxg2) 15. Qe4 $11 Qxe4+ 16. Nxe4 Rc8 17. O-O-O h4 18. g3 Bh6+ (18... b5 $11) 19. Kb1 $16 {aiming for Nd6+.} Ke7 20. Bg2 b6 21. c3 Nc5 22. cxd4 Nxe4 23. Bxe4 a5 24. Rhe1 Rgd8 25. Bc2 Rc4 26. dxe5 Rxd1+ 27. Rxd1 fxe5 $14 {[%mdl 4096] Endgame KRB-KRB} 28. f6+ {[%mdl 64] [#] Decoy} Kxf6 29. Rd6+ Kg7 30. Rxb6 Bd2 31. Rb5 hxg3 32. hxg3 e4 33. Rb7 e3 34. fxe3 Rg4 35. e4 Rxg3 36. Bb3 Rf3 37. e5 {Threatens to win with e6.} Kf8 38. Kc2 Be3 39. Bd5 Rf2+ 40. Kc3 Bd2+ 41. Kc4 Bc1 42. b4 axb4 43. axb4 Bb2 44. e6 fxe6 45. Bxe6 Re2 46. Kd5 Rd2+ 47. Kc6 Be5 48. Bd5 Ke8 49. Be4 Rd6+ 50. Kc5 Kd8 51. Rh7 Rd7 52. Rh5 Bd4+ 53. Kc4 Be3 54. Bd5 Kc7 55. Re5 Bb6 56. Kb5 Bd4 57. Rg5 (57. Rf5 {with more complications.} Rd6 58. Bg2 Be3 59. Re5 Bd2 60. Re7+) 57... Rd6 58. Rh5 Be3 59. Kc4 Rh6 60. Re5 Rh4+ 61. Kb5 Bd2 62. Bc4 Bc3 63. Rc5+ Kd6 64. Rc6+ Ke5 65. Ka4 Bd2 {The position is equal.} 66. b5 Rh6 67. Rc5+ Kf4 68. Bd5 Be3 69. Rc4+ Kf5 70. Ka5 Bd2+ 71. Ka4 Be3 72. Re4 Bb6 73. Re8 Rd6 74. Bc6 Rd4+ 75. Kb3 Rd8 76. Re7 Rd3+ 77. Kc2 Rd6 78. Rb7 Bg1 79. Kc3 Ke5 80. Kb4 Rd2 81. Re7+ Kf6 82. Re8 Rb2+ 83. Kc3 Rb1 84. Re2 (84. Kc2 {is more complex.} Rb4 85. Bd7 Bd4 86. Kd3 Bb2 87. Re6+) 84... Bb6 85. Bd7 Re1 86. Rh2 Ke7 87. Bf5 Re5 88. Bd3 Kd6 89. Kc4 Rc5+ 90. Kb4 Re5 91. Rh6+ Re6 92. Rh8 Rf6 93. Be4 (93. Bb1 {keeps more tension.} Rf4+ 94. Kb3 Kc7 95. Rh6 Rd4 96. Rh7+) 93... Ke5 94. Bc6 Rf4+ 95. Kb3 Kd6 (95... Ba5 {looks sharper.} 96. Rh5+ Kd6 97. Rh6+ Kc5 98. Rh7 Rb4+) 96. Rh6+ (96. Bh1 {is more complex.} Rd4 97. Rh7 Kc5 98. Rh5+ Kd6 99. Bg2) 96... Ke5 97. Bg2 Rf6 98. Rh1 Rg6 99. Re1+ Kd6 100. Rd1+ Ke5 101. Ba8 Rg3+ 102. Kc2 Rg8 103. Bf3 Rd8 104. Rh1 Rf8 105. Rh3 Rf6 106. Kb3 Kd6 107. Be4 Ke5 108. Bd3 Kd4 109. Bc4 Ke5 110. Kb4 Rf5 111. Rd3 Rf6 112. Rd5+ Ke4 113. Rh5 Rd6 114. Rh8 Kd4 115. Rc8 Ke5 116. Rc6 {Weighted Error Value: White=0.08/Black=0.09} 1/2-1/2

[Event "Opera Euro Rapid Prelims 2021"]
[Site "Online"]
[Date "2021.02.03"]
[Round "11.7"]
[White "Vidit, Santosh Gujrathi"]
[Black "Carlsen, Magnus"]
[Result "0-1"]
[WhiteElo "2726"]
[BlackElo "2862"]
[Annotator "TA"]
[PlyCount "84"]
[EventDate "2021.02.02"]
[EventType "tourn"]
[EventCountry "NET"]
[SourceTitle "playchess.com"]
[Source "ChessBase"]
[SourceQuality "1"]

{[%evp 24,84,45,31,45,34,49,41,43,29,32,21,21,18,21,19,20,17,46,47,44,37,107,113,141,15,15,15,15,15,15,0,0,-7,-2,-130,-134,-138,-137,-229,-122,-105,-118,-116,-120,-152,-169,-163,-116,-239,-45,-41,-33,-454,-454,-480,-455,-427,-438,-768,-733,-640,-633]} 1. d4 d5 2. c4 e6 3. Nf3 c6 4. e3 f5 5. Bd3 Nf6 6. O-O Bd6 7. b3 Qe7 8. Bb2 O-O 9. Qc1 b6 10. Ba3 Bb7 11. Bxd6 Qxd6 12. Qa3 Qxa3 13. Nxa3 g6 {A84: Dutch Defence: 2 c4 Miscellaneous.} 14. Rfc1 Nbd7 {[#]} 15. cxd5 $146 ({Predecessor:} 15. Nb1 Kf7 16. Nc3 Ke7 17. b4 a5 18. a3 axb4 19. axb4 Rxa1 20. Rxa1 Ra8 21. Rxa8 Bxa8 {½-½ (44) Santos Latasa,J (2541)-Gonzalez de la Torre,S (2440) San Sebastian 2016}) 15... exd5 {White is slightly better.} 16. Nc2 {[%cal Ba3c2,Bc2e1,Be1d3][%mdl 32]} a5 17. a4 Ne4 18. g3 Kg7 19. Nce1 Rfc8 20. Rc2 c5 21. Bb5 Nf8 22. Rac1 Kf6 ({Black should try} 22... cxd4 $1 $14 23. Rc7+ (23. exd4 Rxc2 24. Rxc2 Rc8 $11) 23... Kf6) 23. Nd3 $1 $16 cxd4 24. Nxd4 (24. Bc6 $1 $16 {[%cal Rc6b7]} Rab8 25. Bxb7 (25. exd4 Ne6 $11) 25... Rxc2 26. Rxc2 Rxb7 27. Rc6+ (27. exd4 Ne6 $11) (27. Nxd4 Nd7 $16) 27... Kf7 28. Nxd4) 24... Rxc2 $1 $11 25. Rxc2 {Strongly threatening Bc6.} Rc8 26. Rxc8 Bxc8 27. Bc6 Nc3 28. b4 Ne6 29. Nb3 (29. bxa5 $11 {remains equal.} Nxd4 30. exd4 Ne2+ 31. Kf1 Nxd4 32. Bxd5 bxa5 33. Ke1) 29... Nd8 $17 30. Ba8 Ba6 $1 {[%cal Ra6d3]} 31. Nf4 (31. Nbc1 $17) 31... axb4 ({Better is} 31... Bc4 $19 32. bxa5 Bxb3 33. axb6 Nxa4 34. Nxd5+ Bxd5 35. Bxd5 Nxb6) 32. Nxd5+ Nxd5 33. Bxd5 $19 {[%mdl 4096] Endgame KBN-KBN} Ne6 34. a5 bxa5 35. Nxa5 {[#]} Nc5 $1 36. f4 {[#]} (36. f3 $17) 36... Bb5 $2 (36... Bc8 $1 $19 {Hoping for ...Be6.} 37. Kf2 Be6 38. Bxe6 Kxe6) 37. Kf2 $15 Bd7 38. e4 $2 {[%mdl 8192]} (38. Ke2 $15) 38... fxe4 $19 {Black is clearly winning.} 39. Ke3 Be6 40. Bxe6 Kxe6 ({Inferior is} 40... Nxe6 41. Kxe4 g5 42. Nb3 $11) 41. Kd4 {[#]} (41. Nc4 $142 b3 42. Kd2) 41... b3 $1 42. Nc4 Na4 {Weighted Error Value: White=0.62/Black=0.16} 0-1

[Event "Opera Euro Rapid Prelims 2021"]
[Site "Online"]
[Date "2021.02.03"]
[Round "11.8"]
[White "Radjabov, Teimour"]
[Black "Ding, Liren"]
[Result "1/2-1/2"]
[WhiteElo "2765"]
[BlackElo "2791"]
[Annotator "TA"]
[PlyCount "79"]
[EventDate "2021.02.02"]
[EventType "tourn"]
[EventCountry "NET"]
[SourceTitle "playchess.com"]
[Source "ChessBase"]
[SourceQuality "1"]

{[%evp 23,79,0,0,0,0,0,0,0,0,0,0,0,3,-4,-6,-14,0,0,0,0,0,0,0,0,0,0,0,0,0,-6,-14,-9,-7,-4,0,0,0,0,0,0,0,0,0,0,0,0,0,0,0,0,0,0,0,0,0,0,0,0]} 1. d4 Nf6 2. c4 e6 3. Nf3 b6 4. g3 Ba6 5. Qa4 Bb7 6. Bg2 c5 7. O-O cxd4 8. Nxd4 Bxg2 9. Kxg2 Qc7 10. Nc3 Be7 11. Rd1 O-O 12. Bf4 Qb7+ {The position is equal.} 13. Kg1 {E15: Queen's Indian: 4 g3 sidelines, 4 g3 Ba6 and 4 g3 Bb7 early deviations.} a6 14. Rac1 Rc8 15. Nf3 Nc6 16. Bg5 Rc7 {[#]} 17. Qc2 $146 ({Predecessor:} 17. Bf4) 17... h6 18. Bf4 Rcc8 19. Ne4 d5 20. Nxf6+ Bxf6 21. cxd5 Nb4 22. Qb3 Nxd5 23. Be5 Be7 24. Bd4 b5 25. Ne5 Bf6 26. Nf3 Bxd4 27. Nxd4 Rxc1 28. Rxc1 Rc8 29. Rc2 Nb6 30. Qf3 Nd5 31. Qe4 Qd7 32. e3 Rxc2 33. Qxc2 Nb4 34. Qb3 Nc6 35. Nxc6 Qxc6 36. Qb4 Qc1+ 37. Kg2 Qc6+ 38. Kg1 Qc1+ 39. Kg2 Qc6+ 40. Kg1 {An uneventful encounter.  Weighted Error Value: White=0.00/Black=0.01} 1/2-1/2

[Event "Opera Euro Rapid Prelims 2021"]
[Site "Online"]
[Date "2021.02.03"]
[Round "12.1"]
[White "Dubov, Daniil"]
[Black "Ding, Liren"]
[Result "1-0"]
[WhiteElo "2710"]
[BlackElo "2791"]
[Annotator "TA"]
[PlyCount "35"]
[EventDate "2021.02.02"]
[EventType "tourn"]
[EventCountry "NET"]
[SourceTitle "playchess.com"]
[Source "ChessBase"]
[SourceQuality "1"]

{[%evp 10,35,0,-29,0,4,4,-4,26,0,0,0,5,0,0,0,54,48,50,45,226,218,214,233,216,204,496,489]} 1. d4 Nf6 2. Nf3 d5 3. c4 e6 4. g3 Bb4+ 5. Nbd2 (5. Bd2 Be7 6. Bg2 O-O 7. Qc2 c6 8. h4 Nbd7 9. Nc3 dxc4 10. Rd1 b5 11. Ne5 Nxe5 12. dxe5 Nd5 13. Ne4 f5 14. exf6 gxf6 15. b3 cxb3 16. axb3 Qb6 17. O-O a5 {1-0 (47) Dubov,D (2699)-Ding,L (2791) chess24.com INT 2020}) 5... dxc4 6. Bg2 a5 {E04: Open Catalan: 5 Nf3.} (6... b5 {looks sharper.} 7. Ne5 Nd5 8. a3 Be7 9. O-O O-O) 7. a3 $1 {[%cal Ba2a3,Ba3a4,Ba4b5][%mdl 4] is more profitable than 7.0-0 at the moment.} Bxd2+ 8. Bxd2 O-O {The position is equal.} 9. Qc2 b5 10. a4 c6 11. h4 {[#]} Nbd7 $146 ({Predecessor:} 11... Na6 12. Ne5 Nb4 13. Bxb4 axb4 14. Nxc6 Qd6 15. Ne7+ Qxe7 16. Bxa8 b3 17. Qc3 Qa7 {½-½ (31) Xu,X (2581)-Wei,Y (2734) Hangzhou 2018}) 12. h5 h6 (12... Bb7 $11) 13. g4 $14 Nxg4 14. axb5 Bb7 $2 {[#] Loses the game.} (14... Qb6 $14) 15. Nh2 $1 $18 Nxf2 16. Kxf2 Qh4+ 17. Kf1 Qf6+ $2 (17... Rfc8 18. Nf3 Qe7 19. bxc6 (19. Rxa5 Rxa5 20. Bxa5 cxb5 $14) (19. Qxc4 cxb5 20. Qxb5 Nf6 $18) 19... Bxc6) 18. Bf3 {Weighted Error Value: White=0.04/Black=0.59} 1-0

[Event "Opera Euro Rapid Prelims 2021"]
[Site "Online"]
[Date "2021.02.03"]
[Round "12.2"]
[White "Carlsen, Magnus"]
[Black "Radjabov, Teimour"]
[Result "1/2-1/2"]
[WhiteElo "2862"]
[BlackElo "2765"]
[Annotator "TA"]
[PlyCount "112"]
[EventDate "2021.02.02"]
[EventType "tourn"]
[EventCountry "NET"]
[SourceTitle "playchess.com"]
[Source "ChessBase"]
[SourceQuality "1"]

{[%evp 19,112,0,0,0,0,0,0,0,0,0,0,0,0,0,-13,-43,-42,-118,-62,-63,-43,-41,-40,-41,0,0,0,0,0,0,0,0,0,-3,0,0,0,0,0,0,0,0,0,0,0,0,0,0,0,0,0,0,10,-6,-5,-5,-4,-3,-3,-8,-8,-8,0,-8,0,0,0,0,0,-4,-2,-3,0,-8,-8,-8,0,0,0,0,0,0,0,0,0,0,0,0,0,-7,0,0,0,0,0]} 1. d4 Nf6 2. c4 e6 3. Nc3 Bb4 4. Nf3 c5 5. e3 d5 6. a3 Bxc3+ 7. bxc3 Nc6 8. Bd3 O-O 9. O-O b6 10. cxd5 exd5 11. Nd2 {E58: Nimzo-Indian: Rubinstein: Main Line: 7...Nc6 8 a3 Bxc3.} Re8 12. Re1 Bg4 13. f3 Bh5 {[#]} 14. Bb2 $146 ({Predecessor:} 14. Nf1 Bg6 15. Ra2 Qc7 16. Ng3 Rac8 17. Rd2 Bxd3 18. Rxd3 h5 19. e4 cxd4 20. cxd4 {1-0 (39) Veisi,B (2203)-Rastbod,A (2296) Hamedan 2017}) 14... Bg6 15. Bb5 Re6 16. c4 {And now e4! would win.} (16. e4 {seems wilder.} cxd4 17. cxd4 dxe4 18. Nxe4 Nd5 19. Qa4) 16... cxd4 17. Bxc6 (17. exd4 $5 {[%cal Re1e6]} Na5 18. Rxe6 fxe6 19. cxd5 $11) 17... Rxc6 18. cxd5 {[#]} (18. Qa4 $1 $15 Rac8 19. cxd5) 18... Nxd5 ({Black should play} 18... Bc2 $1 $17 {[%cal Rc2d1][%mdl 512]} 19. dxc6 Bxd1 20. Raxd1 Qd5) 19. Bxd4 $15 Nc3 20. Qb3 Rac8 21. Nf1 Qd5 (21... h5 {looks sharper.} 22. Kh1 Bd3 23. Rac1 Qg5 24. e4 Qb5) 22. Qxd5 {The position is equal.} Nxd5 23. e4 Nf4 24. Ne3 f6 25. Red1 Rd8 {Hoping for ...Rxd4!} 26. Bb2 Rcd6 27. Rxd6 Rxd6 28. Rd1 Rxd1+ 29. Nxd1 $11 {[%mdl 4096] Endgame KBN-KBN} Kf7 30. Ne3 Ke6 31. g3 Nd3 32. Bc3 Kd6 33. Kf1 Kc6 34. Ke2 Nc5 35. g4 a5 36. e5 fxe5 37. Bxe5 Bd3+ 38. Kd2 g6 39. Kc3 Be2 40. f4 b5 41. f5 gxf5 42. gxf5 b4+ 43. axb4 axb4+ 44. Kd2 Bh5 45. Bb2 Kd6 46. f6 Ke6 47. Nc2 Ne4+ 48. Ke3 Nxf6 49. Bxf6 b3 50. Nd4+ Kxf6 51. Nxb3 {KB-KN} Bf7 52. Nd4 Ke5 53. Nf3+ Kf5 54. Nd4+ Ke5 55. Nf3+ Kf5 56. Nd4+ Ke5 {Weighted Error Value: White=0.04/Black=0.04} 1/2-1/2

[Event "Opera Euro Rapid Prelims 2021"]
[Site "Online"]
[Date "2021.02.03"]
[Round "12.3"]
[White "Vachier-Lagrave, Maxime"]
[Black "Vidit, Santosh Gujrathi"]
[Result "1/2-1/2"]
[WhiteElo "2784"]
[BlackElo "2726"]
[Annotator "TA"]
[PlyCount "98"]
[EventDate "2021.02.02"]
[EventType "tourn"]
[EventCountry "NET"]
[SourceTitle "playchess.com"]
[Source "ChessBase"]
[SourceQuality "1"]

{[%evp 12,98,18,18,20,0,10,0,0,0,0,0,0,0,0,-9,0,-4,0,-11,-12,-22,-12,-29,0,-4,0,0,19,12,8,18,29,0,0,0,0,0,0,0,0,0,0,0,0,0,0,0,3,14,47,14,13,12,11,8,8,8,8,8,8,8,8,0,0,0,0,0,0,0,0,0,8,8,8,8,8,8,8,8,8,0,0,0,8,0,8,0,8]} 1. e4 e5 2. Nf3 Nc6 3. Bb5 a6 4. Ba4 Nf6 5. Nc3 b5 6. Bb3 Bc5 7. d3 h6 {C77: Ruy Lopez: 3...a6 4 Ba4 Nf6, unusual lines.} 8. a4 Rb8 9. axb5 axb5 10. Nd5 d6 11. c3 Nxd5 12. Bxd5 Ne7 13. Bb3 Ng6 14. O-O O-O 15. d4 Bb6 16. Be3 Qf6 17. h3 Bb7 18. Bc2 Rfe8 19. Re1 {[#]} Re7 $146 ({Predecessor:} 19... Nf4 20. dxe5 dxe5 21. Bxf4 Qxf4 22. Qd7 Qf6 23. Rad1 Red8 24. Qg4 Rd6 25. Rxd6 cxd6 {1-0 (58) Safarli,E (2681)-Brown,M (2524) chess.com INT 2019}) 20. Qd2 exd4 21. Bxd4 Bxd4 22. cxd4 Rbe8 {[%cal Rb7e4]} 23. d5 c6 24. dxc6 Bxc6 25. Ra6 Bxe4 26. Bxe4 Rxe4 27. Rxe4 Rxe4 28. Rxd6 Qf4 29. Qd3 Rc4 {[#] ...Rc1+ is the strong threat.} 30. g3 Qe4 (30... Qc1+ {keeps more tension.} 31. Kg2 Qxb2 32. Rd8+ Kh7 33. Qf5 Qf6) 31. Rd8+ (31. Qxe4 {seems wilder.} Rxe4 32. Rd4 Re7 33. Rd5 b4 34. Rb5) 31... Kh7 {The position is equal.} 32. Qxe4 Rxe4 $11 {[%mdl 4096] Endgame KRN-KRN} 33. Rd4 Re2 34. Rb4 Ne5 {[#]} 35. Kf1 $1 Rxf2+ {[%mdl 64] Decoy} 36. Kxf2 Nd3+ {[%mdl 64] Double Attack} 37. Ke2 Nxb4 {KN-KN} 38. Nd4 g5 39. Nxb5 f5 40. Nc3 Kg6 41. Ke3 f4+ 42. gxf4 gxf4+ 43. Ke4 Kg5 44. Ne2 Kh4 45. Nxf4 Kg3 46. Nd3 Nc2 47. Nf4 Nb4 48. Kf5 Nc2 49. Ke4 Nb4 {A rather calm draw.  Weighted Error Value: White=0.05/Black=0.04} 1/2-1/2

[Event "Opera Euro Rapid Prelims 2021"]
[Site "Online"]
[Date "2021.02.03"]
[Round "12.5"]
[White "Aronian, Levon"]
[Black "Nepomniachtchi, Ian"]
[Result "1-0"]
[WhiteElo "2781"]
[BlackElo "2789"]
[Annotator "TA"]
[PlyCount "53"]
[EventDate "2021.02.02"]
[EventType "tourn"]
[EventCountry "NET"]
[SourceTitle "playchess.com"]
[Source "ChessBase"]
[SourceQuality "1"]

{[%evp 10,53,14,12,25,0,2,1,10,10,10,7,19,22,15,13,31,25,23,13,27,24,28,26,59,72,79,74,97,100,97,97,110,102,115,102,106,102,227,192,357,345,333,338,305,335]} 1. d4 Nf6 2. c4 g6 3. Nc3 d5 4. Bg5 Ne4 5. Bf4 Nxc3 6. bxc3 c5 {D80: Grünfeld: Unusual White 4th moves and 4 Bg5.} 7. cxd5 Qxd5 8. e3 cxd4 {The position is equal.} 9. Qxd4 Qxd4 10. cxd4 Nc6 11. Nf3 Bg7 {[#]} 12. Bd3 $146 ({Predecessor:} 12. Bb5 Bd7 13. O-O O-O 14. Rab1 Bf5 15. Rb2 Na5 16. Bc7 b6 17. Ba6 Bc8 18. Bxc8 Rfxc8 19. Rc1 {½-½ (30) Maric,A (2457)-Zhukova,N (2441) Leon 2001}) 12... O-O 13. Be4 Bd7 14. Kd2 Rac8 15. Rhc1 b6 16. Rc3 Na5 17. Rac1 $36 {[%mdl 2048] Black is under strong pressure.} Rxc3 18. Rxc3 Rc8 19. Rxc8+ Bxc8 20. Bb8 Nc4+ 21. Kc3 Nd6 22. Bc6 a6 23. a4 Bf5 {[#] This move loses the game for Black.} (23... f5 $16) 24. Nd2 $1 $18 Bf8 $2 (24... Kf8 25. Bxd6 exd6) 25. e4 Bc8 26. Bxd6 exd6 27. Nc4 {Weighted Error Value: White=0.03/Black=0.24} 1-0